00580nam a2200169Ia 4500999001500000020001500015082002000030100002100050245004900071260004000120300001300160504001900173650004900192650003400241942000700275952012800282 c6468d6468 a8183700519 a340.52541 JYR-A aJyrwa, Erbanoris 0aAdministration of justice in the Khasi Hills aNew DelhibAkansha Publishingc2006 axvi, 150 aincludes index aJustice, Administration ofzIndia, Northeast aKhasis, ThezIndia, Northeast cBK 00104070aNASSDOCbNASSDOCd2009-02-24eSINGHi2008-12-30l0o340.52541 JYR-Ap45122r2019-04-18 00:00:00w2019-04-18yBK